Data structures using Java / (Record no. 521)
[ view plain ]
| 000 -LEADER | |
|---|---|
| fixed length control field | 00783nac a22001931u 4500 |
| 008 - FIXED-LENGTH DATA ELEMENTS--GENERAL INFORMATION | |
| fixed length control field | 100906s2003 ii |||||r|||| 00| 0 eng d |
| 082 00 - DEWEY DECIMAL CLASSIFICATION NUMBER | |
| Classification number | 005.133 |
| Item number | YED |
| Edition number | 22 |
| 100 ## - MAIN ENTRY--PERSONAL NAME | |
| Personal name | Langsam, Yedidyah, |
| 9 (RLIN) | 18156 |
| 245 10 - TITLE STATEMENT | |
| Title | Data structures using Java / |
| Statement of responsibility, etc | Yedidyah Langsam, Moshe J. Augenstein, Aaron M. Tenenbaum. |
| 260 ## - PUBLICATION, DISTRIBUTION, ETC. (IMPRINT) | |
| Place of publication, distribution, etc | New Delhi : |
| Name of publisher, distributor, etc | Pearson Prentice Hall, |
| Date of publication, distribution, etc | 2003. |
| 300 ## - PHYSICAL DESCRIPTION | |
| Extent | xvii, 670 p. : |
| Other physical details | ill. ; |
| Dimensions | 25 cm. |
| 500 ## - GENERAL NOTE | |
| General note | On t.p. the registered trademark symbol "TM" is superscript following "Java" in the title. |
| 500 ## - GENERAL NOTE | |
| General note | Includes index. |
| 650 #0 - SUBJECT ADDED ENTRY--TOPICAL TERM | |
| Topical term or geographic name as entry element | Java (Computer program language) |
| 9 (RLIN) | 18157 |
| 650 #0 - SUBJECT ADDED ENTRY--TOPICAL TERM | |
| Topical term or geographic name as entry element | Data structures (Computer science) |
| 9 (RLIN) | 18158 |
| 700 1# - ADDED ENTRY--PERSONAL NAME | |
| Personal name | Augenstein, Moshe, |
| Dates associated with a name | 1947- |
| 9 (RLIN) | 18159 |
| 700 1# - ADDED ENTRY--PERSONAL NAME | |
| Personal name | Tenenbaum, Aaron M. |
| 9 (RLIN) | 18160 |
| 942 ## - ADDED ENTRY ELEMENTS (KOHA) | |
| Item type | Book - Borrowing |
| Call number prefix | 005.133L285 |
| Source of classification or shelving scheme | Dewey Decimal Classification |
| Withdrawn status | Item status | Source of classification or shelving scheme | Damaged status | Not for loan | Vendor | Home library | Current library | Shelving location | Date acquired | Source of acquisition | Cost, normal purchase price | Total Checkouts | Total Renewals | Full call number | Barcode | Date last seen | Date last borrowed | Cost, replacement price | Koha item type |
|---|---|---|---|---|---|---|---|---|---|---|---|---|---|---|---|---|---|---|---|
| Dewey Decimal Classification | Central Library | Central Library | Lower Floor | 06/06/2016 | 92.00 | 3 | 22 | 005.133 LAN | 000004098 | 15/07/2025 | 25/09/2012 | 115.00 | Book - Borrowing |